LEADER 00373nab a2200145 i 4500 001 000000262125 003 CaOOAMICUS 005 20190318151657.0 008 050719n xx uu u0 0und r 013 $a3332 040 $aSeMil$bita 245 10$aApril. 773 0 $t2005.$dLeuven : Peeters, 2005.$w()141430 996 $6245$aApril$9(OLS)http://semarc/title/421188 LEADER 00887naa a2200169 i 4500 001 000000307030 003 CaOOAMICUS 005 20180831172908.0 008 180831n it u000 u ita u 013 $a15620 040 $aSeMil$bita 100 1 $aCoppa, Rocco.$0(OLS)http://semarc/name/87697 245 10$aEsperienza ottimale nella pratica religiosa e processo di attaccamento nella relazione con Dio. 650 4$aReligione - Aspetti psicologici.$0(OLS)http://semarc/subject/16432 700 1 $aDelle Fave, Antonella.$0(OLS)http://semarc/name/87698 773 0 $tPsicologia della religione e teoria dell'attaccamento.$dRoma : Aracne, 2009.$kA10 : scienze dell'antichità, filologico-letterarie e storico-artistiche$z978-88-548-2468-3$gp.93-104$w()130991 996 $6245$aEsperienza ottimale nella pratica religiosa e processo di attaccamento nella relazione con Dio$9(OLS)http://semarc/title/382428